000 00448nam a22001697a 4500
005 20230914111250.0
008 230914b |||||||| |||| 00| 0 eng d
020 _a1932094199
082 _a778.3
_bBUS-D
100 _a Busch, David D
245 _aDigital retouching and compositing : photographers' guide
260 _aUSA:
_bMuska & Lipman,
_c2003
300 _a348 pages:
500 _aInclude Index.
650 _aPhotography
999 _c33554
_d33554